• 首页
  • 本馆介绍
  • 公告通知
  • 最新文献
  • 馆藏检索
  • 电子资源
  • 读者导购
  • 参考咨询
  • 我的图书馆
  • 登录
  • 详细信息显示
  • 放入我的书架
  • 预约/预借图书
  • 作者相关作品
  • 分类相关作品
  • 丛书相关作品
  • 出版社相关作品

书目信息

  • 表格格式
  • 工作单格式
  • 卡片格式
题名:
让克洛
    
 
作者: 啸声
分册:  
出版信息: 南昌   江西美术出版社  1999
页数: 75
开本: 26cm
丛书名:
单 册:
中图分类: J331
科图分类:
主题词: 雕塑--各国 , 雕塑--世界
电子资源:
ISBN: 7-80580-555-5
000 00576nam0 2200205 450
001 0739037328
005 20070817105037.32
010    @a7-80580-555-5@b精装@d¥38.00
100    @a20070817d km y0chiy0120 ea
101 0  @achi
200 1  @a让克洛@Arang ke luo@e世界雕塑家之林@f啸声@Fxiao sheng
210    @a南昌@c江西美术出版社@d1999
215    @a75@d26cm
517 1  @a世界雕塑家之林@Ashi jie diao su jia zhi lin
606 0  @a雕塑@y各国
606 0  @a雕塑@x世界
690    @aJ331@v3
701  0 @a啸声@Axiao sheng
801  0 @aCN@bPFT@c20070817
905    @a213230@dJ331@eM2@f1
    
    让克洛:世界雕塑家之林/啸声.-南昌:江西美术出版社,1999
    75;26cm
    
    
    ISBN 7-80580-555-5(精装):¥38.00
    
●
相关链接 在E读中查询图书 在五车中查询图书 在当当中查询图书 在豆瓣中查询图书


正题名:让克洛     索取号:J331/M2         预约/预借

序号 登录号 条形码 馆藏地/架位号 状态 备注
1 6400059   264000592   美术系资料室/ [索取号:J331/M2] 在馆    
唐山师范学院图书馆 欢迎您!
大连网信软件有限公司© 版权所有